000 00899nam a2200265 i 4500
001 78937
003 ES-MaACL
005 20250415213636.0
007 t|
008 041018s1972 sp ||||1| spa d
080 _a301.188:335.51
100 1 _aHeller, Agnes.
_962436
245 1 0 _aHistoria y vida cotidiana
_b: aportación a la sociología socialista /
_cAgnes Heller ; traducción y presentación de Manuel Sacristán.
250 _a[1ª ed.].
260 _aBarcelona :
_bGrijalbo,
_c1972.
300 _a166 p. ;
_c20 cm.
490 1 _aColección Nuevo Norte ;
_v6
650 4 _aSociología marxista.
_9144387
650 4 _aSociología de lo cotidiano.
_9156535
700 1 _aSacristán, Manuel,
_d1925-1985
_9101268
830 0 _aColección Nuevo Norte ;
_v6
_9231413
852 _aES-MaACL
_jA-10230
_bR.99476
852 _aES-MaACL
_jC-41172
_bR.80373
999 _c78937
_d78937